000 00544nam a2200193Ia 4500
999 _c45021
_d45021
003 GCL
005 20240530104143.0
008 140319s9999 xx 000 0 ara d
040 _aGCL /
_cGCL
082 0 4 _a220
_bع ع
100 1 _aعبدالفتاح ابوسنة
245 1 0 _aعلوم القران /
_cعبدالفتاح ابوسنة
300 _a167 ص
490 _a100 قصة
_v0
650 0 4 _aالقران - اسباب النزول
650 0 4 _aالقران - احكام
650 0 4 _aالقران - علوم
942 _2ddc
_cBK